书目信息 |
| 题名: |
农村婚姻继承法律知识问答
|
|
| 作者: | 王卫国 , 张晓芳 , 李晓丽 编著 | |
| 分册: | ||
| 出版信息: | 北京 金盾出版社 2014 |
|
| 页数: | 10,180页 | |
| 开本: | 21cm | |
| 丛书名: | ||
| 单 册: | ||
| 中图分类: | D923.904 | |
| 科图分类: | ||
| 主题词: | 婚姻法--基本知识--中国 , 继承法--基本知识--中国 , 婚姻法 , 继承法 | |
| 电子资源: | ||
| ISBN: | 978-7-5082-8576-4 | |
| 000 | 00947nam0 2200289 450 | |
| 001 | 523 | |
| 005 | 20140908085520.50 | |
| 010 | @a978-7-5082-8576-4@dCNY14.00 | |
| 100 | @a20140428d2014 em y0chiy50 ea | |
| 101 | 0 | @achi |
| 102 | @aCN@b110000 | |
| 105 | @ay z 000yy | |
| 106 | @ar | |
| 200 | 1 | @a农村婚姻继承法律知识问答@f王卫国,张晓芳,李晓丽编著 |
| 210 | @a北京@c金盾出版社@d2014 | |
| 215 | @a10,180页@d21cm | |
| 330 | @a本书以问答的形式,以《中华人民共和国婚烟法》及其3个司法解释,《中华人民共和国继承法》及其司法解释和《中华人民共和国收养法》为主要法律依据,介绍了200多个农村常见的婚姻、继承、收养纠纷案例,展开了法律分析。 | |
| 606 | 0 | @a婚姻法@x基本知识@y中国 |
| 606 | 0 | @a继承法@x基本知识@y中国 |
| 606 | 0 | @a婚姻法 |
| 606 | 0 | @a继承法 |
| 690 | @aD923.904@v5 | |
| 701 | 0 | @a王卫国@4编著 |
| 701 | 0 | @a张晓芳@4编著 |
| 701 | 0 | @a李晓丽@4编著 |
| 801 | 0 | @aCN@bTANGWEI@c20140603 |
| 905 | @b0841769-71@dD923.904@e1218@f3 | |
| 农村婚姻继承法律知识问答/王卫国,张晓芳,李晓丽编著.-北京:金盾出版社,2014 |
| 10,180页;21cm |
| ISBN 978-7-5082-8576-4:CNY14.00 |
| 本书以问答的形式,以《中华人民共和国婚烟法》及其3个司法解释,《中华人民共和国继承法》及其司法解释和《中华人民共和国收养法》为主要法律依据,介绍了200多个农村常见的婚姻、继承、收养纠纷案例,展开了法律分析。 |
| ● |
| 相关链接 |
|
|
|
|
正题名:农村婚姻继承法律知识问答
索取号:D923.904/1218
 
预约/预借
| 序号 | 登录号 | 条形码 | 馆藏地/架位号 | 状态 | 备注 |
| 1 | 0841769 | 208417694 | 第一样本阅览室/ [索取号:D923.904/1218] | 在馆 | |
| 2 | 0841770 | 208417701 | 密集书库-史法系/ [索取号:D923.904/1218] | 在馆 | |
| 3 | 0841771 | 208417710 | 第一借阅区/ [索取号:D923.904/1218] | 在馆 |